| 000 | 00343nam a2200133Ia 4500 | ||
|---|---|---|---|
| 008 | 240624s9999 xx 000 0 und d | ||
| 041 | _aeng | ||
| 082 | _a650.144 MRU | ||
| 100 | _aMRUDULA E | ||
| 245 | _aEMPLOYEE TUROVER AND EXIT INTERVIEWS | ||
| 260 |
_c2006 _aHyderabad _bICFAI press |
||
| 300 | _aix, : 179 : p. : cm. ; 23 | ||
| 365 |
_cRS _b50 |
||
| 999 |
_c6480 _d6480 |
||